000 01409nam a22002897a 4500
001 8089
003 FISKH
005 20251212085508.0
008 250822b cb ||||| |||| 00| 0 eng d
040 _aFISKH
_bkhr
_cFISKH
_dFISKH
050 _aPZ7
082 _a800
100 _aReasksmey, Am
245 _aសូភី និងសុខា /
_cវិចត្រករ លោក អាំ​ រស្មី
250 _aបោះពុម្ពលើកទី១ខែមករា ឆ្នាំ 2009
260 _aភ្នំពេញ :
_bក្រសួងអប់រំ យុវជន និងកីឡា​ ,
_c2009.
300 _a16 pages :
_bcolor illustrations ;
_c25 cm .
505 _aJ
520 _aសុភី និងសុខា រៀនថ្នាក់ជាមួយគ្នា ។​​​​​ តែសុខាមិនសូវចូលចិត្តរៀនទេ ដោយការលើកទឺកចិត្តរបស់សូភី ទើបសុខាចង់រៀន។
520 _aSophea and Sokha studied in the same class.But Sokha didn’t really like studying.Thanks to Sophea’s encouragement, Sokha became motivated to learn.
521 8 _a500
_bLexile estimate
521 8 _aJ
_bRaz-Plus
650 _aសូភី និងសុខា
650 _aSophy and Sokha
942 _2ddc
_cKHB
_n0
999 _c8089
_d8089